Programa nacional para la conservación del cóndor andino en Colombia (Registro nro. 596)

Detalles MARC
000 -CABECERA
Campo de control 00683nam a2200217 i 4500
005 - FECHA Y HORA DE LA ULTIMA TRANSACCION
Campo de control 20200104041512.0
008 - ELEMENTOS DE LONGITUD FIJA—INFORMACION GENERAL
Campo de control 140221s1990 ck ||||| |||| 00| 0 spa d
040 ## - FUENTE DE CATALOGACIÓN
Agencia catalogadora original CO-BoIAVH
Agencia transcriptora CO-BoIAVH
041 ## - IDIOMA
Código de idioma para texto/pista de sonido o título separado Español
044 ## - PAÍS DE PUBLICACIÓN
País de publicación Colombia
090 ## - CLASIFICACIÓN LOCAL
Colección IND-I
Consecutivo 41
100 1# - ASIENTO PRINCIPAL--NOMBRE PERSONAL
Nombre personal Páez Aguilar, Juan Manuel
9 (RLIN) 8379
245 10 - MENCION DE TITULO
Título Programa nacional para la conservación del cóndor andino en Colombia
260 ## - PUBLICACION, DISTRIBUCION, ETC. (PIE DE IMPRENTA)
Lugar de publicación, distribución, etc. Bogotá .
Nombre del editor, distribuidor, etc. Inderena
Fecha de publicación, distribución, etc. 1990
300 ## - DESCRIPCION FISICA
Extensión 28 páginas
650 14 - ASIENTO SECUNDARIO DE MATERIA - TERMINO TEMATICO
Término temático o nombre geográfico como elemento de entrada Conservación de la diversidad biológica
9 (RLIN) 89055
650 24 - ASIENTO SECUNDARIO DE MATERIA - TERMINO TEMATICO
Término temático o nombre geográfico como elemento de entrada Especies amenazadas
9 (RLIN) 157
650 24 - ASIENTO SECUNDARIO DE MATERIA - TERMINO TEMATICO
Término temático o nombre geográfico como elemento de entrada Conservación de especies
9 (RLIN) 89057
650 24 - ASIENTO SECUNDARIO DE MATERIA - TERMINO TEMATICO
Término temático o nombre geográfico como elemento de entrada Cóndor
Subdivisión general Protección
Subdivisión geográfica Colombia
9 (RLIN) 89058
942 ## - ELEMENTOS ADICIONALES (KOHA)
Tipo de ítem Informe Técnico
Sistema de clasificación Local
Koha issues (borrowed), all copies 1
Existencias
Withdrawn status Lost status Sistema de Clasificación Damaged status No para préstamo Colección Ubicación Permanente Ubicación actual Fecha de adquisición Fuente de adquisición Total Checkouts Número topográfico Inventario / Código de Barras Date last seen Date checked out Ejemplar Price effective from Forma de adquisición Tipo de material Public note
    Dewey Decimal Classification     General Bogotá Bogotá 19/02/1998 Inderena 1 IND-I-38 000848 18/10/2016 18/10/2016 Ej. 1 04/12/2012 Traslado Inderena Informe Técnico Informe Nacional 1990
    Local     Fondo Inderena Bogotá Bogotá 10/12/2002     IND-I-41 000850 04/12/2012   Ej.2 04/12/2012 Traslado Inderena Informe Técnico Informe anual Año 1989